Kabale University Library Catalogue

Reading Archives, Memory and Method from Makerere University : (Record no. 6211)

MARC details
000 -LEADER
fixed length control field 00639nam a22001697a 4500
003 - CONTROL NUMBER IDENTIFIER
control field OSt
005 - DATE AND TIME OF LATEST TRANSACTION
control field 20260416123747.0
008 - FIXED-LENGTH DATA ELEMENTS--GENERAL INFORMATION
fixed length control field 260416b |||||||| |||| 00| 0 eng d
020 ## - INTERNATIONAL STANDARD BOOK NUMBER
International Standard Book Number 9789913603126
040 ## - CATALOGING SOURCE
Transcribing agency KABLIB
Modifying agency KABLIB
082 ## - DEWEY DECIMAL CLASSIFICATION NUMBER
Edition number 23
Classification number 025.8
Item number REA
245 ## - TITLE STATEMENT
Title Reading Archives, Memory and Method from Makerere University :
Remainder of title Debates and Insights /
Statement of responsibility, etc. Edited by Edgar Fred Nabutanyi, Amon ashaba Mwiine, Edga C. Taylor, Josephine Ahikire, Levis Mugumya, Pamala Khanakwa.
260 ## - PUBLICATION, DISTRIBUTION, ETC.
Place of publication, distribution, etc. Kampala
Name of publisher, distributor, etc. Makerere University Press
Date of publication, distribution, etc. c2025
300 ## - PHYSICAL DESCRIPTION
Extent xiii, 276p. ;
Dimensions 24 cm.
500 ## - GENERAL NOTE
General note include indexes and bibliographies
942 ## - ADDED ENTRY ELEMENTS (KOHA)
Source of classification or shelving scheme Dewey Decimal Classification
Koha item type Book
Holdings
Withdrawn status Lost status Source of classification or shelving scheme Damaged status Not for loan Home library Current library Date acquired Total Checkouts Full call number Barcode Date last seen Price effective from Koha item type
    Dewey Decimal Classification     Mukombe Library Mukombe Library 16.04.2026   025.8 REA 14838 16.04.2026 16.04.2026 Book

Kabale University Library | Kabale University P.O Box 317, Kabale, Uganda
Tel : +256754017033, +256774661503 E-mail : library@kab.ac.ug